[Event "KEN-ch"]
[Site "Nairobi"]
[Date "2021.12.27"]
[Round "4"]
[White "Gisore, Daniel"]
[Black "Maigua, Joseph Ngooro"]
[Result "1-0"]
[WhiteElo "1777"]
[BlackElo "1732"]
[PlyCount "45"]
[EventDate "2021.12.26"]
[EventType "swiss"]
[EventRounds "9"]
[EventCountry "KEN"]
[SourceTitle "EXT 2023"]
[Source "ChessBase"]
[SourceDate "2022.10.05"]
[SourceVersion "1"]
[SourceVersionDate "2022.10.05"]
[SourceQuality "1"]

1. d4 Nf6 2. c4 g6 3. Nc3 Bg7 4. e4 d6 5. Nf3 0-0 6. Bf4 Nh5 7. Bg5 h6 8. Be3 e5 9. d5 Nf4 10. g3 Nh5 11. Be2 Nf6 12. Nh4 Bd7 13. Ng2 b5 14. f3 Nh5 15. Bf2 b4 16. Nb1 c5 17. dxc6 Nxc6 18. g4 Nf6 19. Qxd6 b3 20. a3 Nd4 21. Bxd4 exd4 22. 0-0 Qa5 23. e5 1-0